000 00631cab a22001935a 4500
001 L157759
008 130430e20130427xxk 000 0 eng d
035 _a(Sirsi) u157759
041 0 _aeng
100 1 _aRobinson, Kevin
245 0 0 _aIncentive for enforcement
260 _c2013
490 _aEstates Gazette
_v(1317) 27 April 2013, 90-92(3)
520 _aWarns that despite the lack prosecutions since the Bribery Act 2010 came into force attitudes amongst the Serious Fraud Office are toughening towards illegal payments.
590 _aKA
651 4 _aUnited Kingdom
690 _aBusiness and management
942 _n0
999 _c84455
_d84455